000 00304nam a22001337a 4500
008 180914b xxu||||| |||| 00| 0 eng d
020 _a9780195083286
041 _aeng
080 _25 ED
_a574
100 _a9
101 _aNUT
245 _aSoils And Soil Fertility
_cTroeh.F.R
942 _2udc
_cBK
999 _c47756
_d47756